000 00575nmm a2200169Ia 4500
008 251105s9999||||xx |||||||||||||||||und||
020 _a9781558854222
041 _aeng
100 _aCárdenas, Gilberto
245 0 _aLa Causa : civil rights, social justice and the struggle for equality in the Midwest
264 _a[Washington, Estados Unidos] :
_bArte Público Press,
_c2004
300 _a176 páginas
490 _aHispanic Civil Rights
650 _aHistory of the Americas: North America
856 _uhttps://public.digitaliapublishing.com/a/23245
942 _cCF
999 _c74769
_d74769